000 01460nam a2200325 i 4500
005 20240524195850.0
008 240524s2024 ck abdogr 000 0dspa d
020 _a9786287666283
040 _aCO-PeBPR
_cCO-PeBPR
_erda
041 _aspa
082 0 4 _a986.196
_bF825h
100 1 _953746
_aFranco García, Roberto
_eautor
245 1 0 _aHistoria de Orocué
_cRoberto Franco García ; comité editorial Juan Carlos Flórez
250 _aSegunda edición
264 0 1 _aBogotá
_bMinisterio de las Culturas, las Artes y los Saberes
_bBiblioteca Nacional de Colombia
_c2024
300 _a453 páginas
_bilustraciones, mapas, gráficas y fotografías en blanco y negro
_c17 cm
336 _aTexto
_btxt
_2rdacontent
337 _aSin mediación
_bn
_2rdamedia
338 _aVolumen
_bnc
_2rdacarrier
490 _a(Biblioteca Vorágine ; 5)
500 _aIncluye datos biográficos del autor
500 _aContiene códigos QR para smartphone o tablet
500 _aIncluye anexos
504 _aIncluye referencias bibliográficas y bibliografía
651 0 _953747
_aOrocué (Casanare - Colombia)
_xHistoria
_xDescripciones y Viajes
651 0 _953747
_aOrocué (Casanare - Colombia)
_xVida Social y Costumbres
700 1 _953723
_aFlórez A., Juan Carlos
_eeditor
830 _aDotación Ministerio de las Culturas, las Artes y los Saberes - Biblioteca Nacional de Colombia
942 _2ddc
_cBK
_h986.196 F825h
_k986.196
_mF825h
999 _c17120
_d17120